Zgadnij kraj po podpwiedziach - Statystyki

Ogólne statystyki
  • Ten quiz został rozwiązany 54 razy
  • Średni wynik to 13 z 32
Statystyki odpowiedzi
Wskazówka Państwo % Poprawnych
Które jest największym państwem na 2 miejscu Kanada
98%
Najmniejsze państwo graniczące z polską Słowacja
95%
Hawaje należą do tego państwa Stany Zjednoczone
93%
Państwo świata które ma największą ilość ludności Indie
85%
Największe wyspiarskie państwo świata Australia
70%
Najmniejsze Państwo Świata Watykan
68%
Najpopularniejszy sklep to Lidl Niemcy
65%
Państwo mające najwięcej terytoriów zależnych Wielka brytania
63%
Bogate Mikropaństwo Europejskie Monako
60%
Największe państwo Jugosławii Serbia
55%
Państwo mające największą stolicę na świecie Japonia
53%
Najmniejsze państwo otoczone przez Południową afrykę Eswatini
48%
Najmniejsze państwo graniczące z Indonezją Timor Wschodni
48%
Państwo mające drzewo na fladze Liban
45%
Jedyne Państwo mające pięć liter A w swojej nazwie Arabia Saudyjska
38%
Flaga Z konturem kraju z granicą europejsko-azjatycką Cypr
38%
Najmniejsze wyspiarskie państwo świata Nauru
38%
Jedyne azjatyckie państwo zawierające krzyż na fladze Gruzja
35%
Które ma największą ilość koloru różowego na fladze Hiszpania
35%
Państwo mające papugę na fladze Dominika
30%
Jedyne państwo kończące się na literę -z Bangladesz
25%
Państwo produkujące Awokado Meksyk
25%
Państwo w którym jest statua ziemniaka Polska
25%
Państwo które nigdy nie zmieniało swojej flagi Dania
23%
Najmniej odwiedzane państwo świata Tuvalu
13%
Najbardziej kolorowa flaga na świecie Belize
10%
Jedyne państwo zawierające znicz na fladze Grenada
10%
Państwo podobno powierzchniowo od hiszpanii Tajlandia
10%
Jedyne państwo kończące się na -ca Wyspy ŚwiętegoTomasza i Książęca
8%
Największe państwo na karaibach Gujana
3%
Nazwa Ma imię postaci z Bajki Wyspy Marshalla
3%
Najtrudniejsza do zgadnięcia flaga Wyspy Salomona
3%
Nie znaleziono quizów pasujących do podanych kryteriów
Rozkład punktacji
Procent ludzi z każdym wynikiem
Percentyl według liczby udzielonych odpowiedzi
Twoja historia wyników
Nie rozwiązałeś tego quizu